000 00367nam a22001457a 4500
003 OSt
005 20220214155804.0
008 220214b |||||||| |||| 00| 0 eng d
020 _a3433012148
040 _cHU
082 _a628
100 _aGeo
_927801
245 _aGeotechnics Of Landfills & Contaminated Land Technical Recommendations GLC
942 _2ddc
_cBOOKS
_n0
999 _c30246
_d30246